000 02373nam0a2200373 4500
001 RU\NLR\BIBL_A\022559170
005 20260420045420.0
010 _a978-5-7972-3206-3
_9500
021 _aRU
_bКН-П-25-022706
_9КН-П-25-2289
035 _a(NLR Aleph) 022559170
090 _a13674398
_c13674398
100 _a20250604d2023 u y0rusy50 ca
101 0 _arus
102 _aRU
105 _aa j 000yy
181 0 _ai3
_baxxe
182 0 _an
200 1 _aТеория систем и системный анализ
_eучебное пособие
_eдля студентов высших учебных заведений, обучающихся по направлениям 01.03.05 "Статистика", 38.03.01 "Экономика", 38.03.06 "Торговое дело", 45.03.02 "Лингвистика"
_f[Синявская Татьяна Геннадьевна, Рудяга Анна Альбертовна, Федосова Оксана Николаевна и др.]
_gМинистерство науки и высшего образования Российской Федерации, ФГБОУ ВО "Ростовский государственный экономический университет (РИНХ)"
203 _aТекст
_bвизуальный
_cнепосредственный
210 _aРостов-на-Дону
_cиздательско-полиграфический комплекс РГЭУ (РИНХ)
_d2023
215 _a79 с.
_cил.
_d21
300 _aАвт. указаны в вып. дан.
320 _aБиблиогр.: с. 78-79 (13 назв.)
606 1 _aЭкономика
_jУчебные издания для высших учебных заведений
_xСистемный анализ
_92190389
_3RU\NLR\AUTH\661316735
686 1 _aУ.в611я73
701 1 _aСинявская
_bТ. Г.
_gТатьяна Геннадьевна
701 1 _aРудяга
_bА. А.
_gАнна Альбертовна
701 1 _aФедосова
_bО. Н.
_gОксана Николаевна
712 0 2 _4475
_aРостовский государственный экономический университет
_cРостов-на-Дону
_9561061
_3RU\NLR\AUTH\8810031209
942 _cBOOK
980 _aNB